Nové trendy v rozvoji informačných systémov podnikov a ich prínosy bakalárska práca

Salvato in:
Dettagli Bibliografici
Autore principale: Matfiak, František
Ente Autore: Podnikovohospodárska fakulta EU so sídlom v Košiciach. Katedra manažmentu
Altri autori: Čarnický, Štefan
Natura: Libro
Lingua:slovacco
Pubblicazione: Košice 2015
Tags: Aggiungi Tag
Nessun Tag, puoi essere il primo ad aggiungerne!!

MARC

LEADER 00000nbm a2200000 4500
001 0202338
005 20161212094617.6
041 0 |a slo 
044 |a SK 
245 1 0 |a Nové trendy v rozvoji informačných systémov podnikov a ich prínosy  |b bakalárska práca  |c František Matfiak ; školiteľ: Štefan Čarnický 
264 1 |a Košice  |c 2015 
300 |a 47 s. 
100 1 |a Matfiak, František 
700 1 |a Čarnický, Štefan 
710 2 |a Podnikovohospodárska fakulta EU so sídlom v Košiciach. Katedra manažmentu